[Event "Dubai op-A 25th"]
[Site "Dubai"]
[Date "2025.05.27"]
[Round "1"]
[White "Sanal, Vahap"]
[Black "Dau, Khuong Duy"]
[Result "1-0"]
[WhiteElo "2555"]
[BlackElo "2423"]
[PlyCount "89"]
[EventDate "2025.05.27"]
[EventType "swiss"]
[EventRounds "9"]
[EventCountry "UAE"]
[SourceTitle "CB23_2025"]
[SourceDate "2025.06.04"]
[SourceVersion "1"]
[SourceVersionDate "2025.06.04"]
[SourceQuality "1"]

1. e4 c5 2. Nf3 d6 3. Bb5+ Nd7 4. d4 cxd4 5. Nxd4 Ngf6 6. Bd3 Nc5 7. Nc3 g6 8. 0-0 Bg7 9. Re1 0-0 10. Bf1 Bd7 11. Nb3 Na4 12. Nxa4 Bxa4 13. f3 Rc8 14. Be3 Nd7 15. Nd4 d5 16. b3 e5 17. exd5 exd4 18. Bxd4 Nf6 19. bxa4 Qxd5 20. c4 Qc6 21. Bf2 Rfd8 22. Qb3 Bf8 23. Bxa7 Ra8 24. Bb6 Rd2 25. a5 Bc5+ 26. Kh1 Nd7 27. Qc3 Bxb6 28. axb6 Rd6 29. a4 Nxb6 30. a5 Na4 31. Qb4 Nc5 32. Kg1 Ne6 33. Re5 Qd7 34. Qb5 Rc6 35. Rd5 Qc8 36. Qb4 b6 37. Qb2 bxa5 38. Raxa5 Rxa5 39. Rxa5 Rd6 40. Rb5 Rd8 41. Qa1 Qc7 42. Kh1 h5 43. Rb1 Qf4 44. Re1 Rd2 45. Qc3 1-0

[Event "Asia-ch"]
[Site "Al Ain"]
[Date "2025.05.14"]
[Round "8"]
[White "Dau, Khuong Duy"]
[Black "Karthik, Venkataraman"]
[Result "1/2-1/2"]
[WhiteElo "2423"]
[BlackElo "2565"]
[PlyCount "81"]
[EventDate "2025.05.07"]
[EventType "swiss"]
[EventRounds "9"]
[EventCountry "UAE"]
[SourceTitle "CB21_2025"]
[SourceDate "2025.05.21"]
[SourceVersion "1"]
[SourceVersionDate "2025.05.21"]
[SourceQuality "1"]

1. e4 e6 2. d4 d5 3. Nc3 Nf6 4. Bg5 dxe4 5. Nxe4 Bd7 6. Nf3 Bc6 7. Bd3 Be7 8. Qe2 Nbd7 9. 0-0 Nxe4 10. Bxe7 Qxe7 11. Bxe4 Bxe4 12. Qxe4 c6 13. c3 0-0 14. Rad1 Rfd8 15. Rfe1 Nf6 16. Qe2 Rac8 17. h3 a6 18. Rd2 Qc7 19. Qe5 Qb6 20. Red1 Qb5 21. Qe3 Qa5 22. a3 Qd5 23. Ne5 b5 24. Nd3 a5 25. Re1 Nd7 26. Rde2 h6 27. Qg3 Qf5 28. Re4 c5 29. Rf4 Qh7 30. dxc5 Nxc5 31. Nxc5 Rxc5 32. Rd4 Rdc8 33. b4 axb4 34. axb4 R5c6 35. Qe5 Rxc3 36. Red1 Qf5 37. Rd8+ Kh7 38. Qxf5+ exf5 39. Rxc8 Rxc8 40. Rd5 f4 41. Rxb5 1/2-1/2

[Event "Asia-ch"]
[Site "Al Ain"]
[Date "2025.05.12"]
[Round "6"]
[White "Dau, Khuong Duy"]
[Black "Abdyzhapar, Asylbek"]
[Result "1-0"]
[WhiteElo "2423"]
[BlackElo "2355"]
[PlyCount "93"]
[EventDate "2025.05.07"]
[EventType "swiss"]
[EventRounds "9"]
[EventCountry "UAE"]
[SourceTitle "CB21_2025"]
[SourceDate "2025.05.21"]
[SourceVersion "1"]
[SourceVersionDate "2025.05.21"]
[SourceQuality "1"]

1. e4 c6 2. d4 d5 3. e5 Bf5 4. c4 e6 5. Nc3 Qb6 6. Nf3 Ne7 7. h3 h6 8. Bd3 dxc4 9. Bxc4 Nd5 10. 0-0 Be7 11. Re1 0-0 12. Bd3 Bxd3 13. Qxd3 Rd8 14. Re4 Nd7 15. Rg4 h5 16. Rg3 Nf8 17. Bh6 g6 18. Ne4 c5 19. dxc5 Qxb2 20. Re1 Nb4 21. Qf1 Nd3 22. Re2 Qb4 23. Bg5 Bxg5 24. Nfxg5 Nh7 25. Nxh7 Kxh7 26. Rf3 Kg8 27. Nd6 Nxc5 28. Qc1 Rxd6 29. exd6 Rd8 30. Re5 b6 31. Rxh5 Qd4 32. Qh6 Qg7 33. Qg5 Rd7 34. Rh4 Kf8 35. Rf6 Kg8 36. Rhf4 Qh7 37. h4 Qh5 38. Qg3 Kg7 39. Qc3 e5 40. g4 Qxh4 41. Qxe5 Kf8 42. Qd5 Qh7 43. Qa8+ Kg7 44. Qe8 Qg8 45. Qe5 Kf8 46. Re6 Rd8 47. Re7 1-0

[Event "Eastern Asia zt 3.3"]
[Site "Ulaanbaatar"]
[Date "2025.04.29"]
[Round "7"]
[White "Dau, Khuong Duy"]
[Black "Tin, Jingyao"]
[Result "1/2-1/2"]
[WhiteElo "2423"]
[BlackElo "2597"]
[PlyCount "82"]
[EventDate "2025.04.23"]
[EventType "swiss"]
[EventRounds "9"]
[EventCountry "MGL"]
[SourceTitle "CB20_2025"]
[SourceDate "2025.05.14"]
[SourceVersion "1"]
[SourceVersionDate "2025.05.14"]
[SourceQuality "1"]

1. e4 e5 2. Nf3 Nc6 3. Bb5 Bc5 4. c3 Nf6 5. d3 0-0 6. 0-0 d6 7. h3 Ne7 8. Re1 Ng6 9. d4 Bb6 10. Nbd2 c6 11. Bf1 Re8 12. Qc2 Bc7 13. dxe5 Nxe5 14. Nxe5 dxe5 15. a4 Be6 16. Nc4 Qe7 17. Be3 Bxc4 18. Bxc4 Bb6 19. Bg5 a5 20. Rad1 Red8 21. g3 h6 22. Bc1 Rxd1 23. Rxd1 Rd8 24. Rxd8+ Qxd8 25. Kg2 Qe7 26. Qe2 Kf8 27. Qf3 Ne8 28. b4 Kg8 29. Bb3 Nf6 30. Bd2 Qd6 31. Be1 Qd7 32. Bc2 Nh7 33. Qd3 Qe6 34. Bd1 Nf6 35. Bc2 Nh7 36. Bd1 Nf6 37. Bc2 g6 38. Qd1 Kg7 39. Bb3 Qe7 40. Qd3 h5 41. Bd2 Qd7 1/2-1/2

[Event "Eastern Asia zt 3.3"]
[Site "Ulaanbaatar"]
[Date "2025.04.26"]
[Round "4"]
[White "Dau, Khuong Duy"]
[Black "Bilguun, Sumiya"]
[Result "1-0"]
[WhiteElo "2423"]
[BlackElo "2460"]
[PlyCount "67"]
[EventDate "2025.04.23"]
[EventType "swiss"]
[EventRounds "9"]
[EventCountry "MGL"]
[SourceTitle "CB20_2025"]
[SourceDate "2025.05.14"]
[SourceVersion "1"]
[SourceVersionDate "2025.05.14"]
[SourceQuality "1"]

1. e4 c5 2. Nf3 e6 3. d4 cxd4 4. Nxd4 a6 5. Bd3 g6 6. Be3 Bg7 7. c4 d6 8. Nc3 Nf6 9. 0-0 0-0 10. Be2 Qc7 11. f4 Nbd7 12. Rc1 b6 13. Bf3 Bb7 14. b4 Rac8 15. b5 a5 16. Nc6 Rfe8 17. Qd2 Nb8 18. Rfd1 Bf8 19. e5 dxe5 20. fxe5 Bxc6 21. exf6 Bxf3 22. gxf3 Red8 23. Qe2 Nd7 24. Ne4 Nc5 25. Bxc5 Bxc5+ 26. Kg2 Bd4 27. c5 Bxc5 28. Rxc5 bxc5 29. Qe3 Kf8 30. Qh6+ Ke8 31. Qxh7 Rxd1 32. Qg8+ Kd7 33. Qxf7+ Kd8 34. Qf8+ 1-0

[Event "Wch U20 62nd"]
[Site "Petrovac"]
[Date "2025.03.02"]
[Round "6"]
[White "Dau, Khuong Duy"]
[Black "Wafa, Hamed"]
[Result "1/2-1/2"]
[WhiteElo "2411"]
[BlackElo "2350"]
[PlyCount "47"]
[EventDate "2025.02.25"]
[EventType "swiss"]
[EventRounds "11"]
[EventCountry "MNE"]
[SourceTitle "CB11_2025"]
[SourceDate "2025.03.12"]
[SourceVersion "1"]
[SourceVersionDate "2025.03.12"]
[SourceQuality "1"]

1. e4 e5 2. Nf3 Nc6 3. Bb5 Nf6 4. 0-0 Nxe4 5. Re1 Nd6 6. Nxe5 Be7 7. Bf1 Nxe5 8. Rxe5 0-0 9. d4 Bf6 10. Re1 Re8 11. Rxe8+ Nxe8 12. d5 d6 13. Nd2 Bg5 14. a4 Nf6 15. Nc4 Bxc1 16. Rxc1 Bd7 17. a5 Bb5 18. Ne3 Bxf1 19. Qxf1 a6 20. Qc4 Qd7 21. Qb4 Qb5 22. Qxb5 axb5 23. b4 Kf8 24. f3 1/2-1/2

[Event "Wch U20 62nd"]
[Site "Petrovac"]
[Date "2025.02.27"]
[Round "3"]
[White "Hou, Yifan B"]
[Black "Dau, Khuong Duy"]
[Result "0-1"]
[WhiteElo "2199"]
[BlackElo "2411"]
[PlyCount "78"]
[EventDate "2025.02.25"]
[EventType "swiss"]
[EventRounds "11"]
[EventCountry "MNE"]
[SourceTitle "CB11_2025"]
[SourceDate "2025.03.12"]
[SourceVersion "1"]
[SourceVersionDate "2025.03.12"]
[SourceQuality "1"]

1. d4 Nf6 2. c4 g6 3. Nf3 Bg7 4. g3 0-0 5. Bg2 d6 6. 0-0 Nbd7 7. Nc3 e5 8. h3 Re8 9. e4 exd4 10. Nxd4 Nc5 11. Re1 h6 12. Nb3 Ne6 13. Qc2 a5 14. Be3 a4 15. Nd2 Bd7 16. Rad1 Qc8 17. f4 Ra5 18. Bf2 Nf8 19. g4 h5 20. g5 N6h7 21. Kh2 Ne6 22. Be3 b5 23. cxb5 Bxb5 24. Nf3 Bc6 25. h4 Nc5 26. Nd4 Bb7 27. b4 axb3 28. axb3 Ra3 29. b4 Rxc3 30. Qxc3 Nxe4 31. Qc2 Qg4 32. Nc6 Bc3 33. Bxe4 Bxe1 34. Bxg6 Qg3+ 35. Kh1 Qh3+ 36. Kg1 Qxe3+ 37. Kf1 Qxf4+ 38. Kg1 Qe3+ 39. Kf1 fxg6 0-1

[Event "Wch U20 62nd"]
[Site "Petrovac"]
[Date "2025.02.26"]
[Round "2"]
[White "Dau, Khuong Duy"]
[Black "Schlegel, Igor"]
[Result "1/2-1/2"]
[WhiteElo "2411"]
[BlackElo "2269"]
[PlyCount "88"]
[EventDate "2025.02.25"]
[EventType "swiss"]
[EventRounds "11"]
[EventCountry "MNE"]
[SourceTitle "CB11_2025"]
[SourceDate "2025.03.12"]
[SourceVersion "1"]
[SourceVersionDate "2025.03.12"]
[SourceQuality "1"]

1. e4 c5 2. Nf3 Nc6 3. Bb5 e6 4. 0-0 Nge7 5. Re1 a6 6. Bf1 d5 7. exd5 Nxd5 8. d4 Nf6 9. Be3 cxd4 10. Nxd4 Bd7 11. c4 Nxd4 12. Bxd4 Be7 13. Nc3 Bc6 14. Qd3 0-0 15. Rad1 Qa5 16. Qg3 Rfd8 17. a3 h6 18. Be5 Rac8 19. Rxd8+ Bxd8 20. Rd1 Ne8 21. b4 Qxa3 22. b5 axb5 23. cxb5 Bd5 24. Nxd5 Qxg3 25. hxg3 exd5 26. Rxd5 Nf6 27. Rd4 Bb6 28. Bxf6 gxf6 29. Rd6 Bc5 30. Rxf6 Kg7 31. Rf4 Rd8 32. Bc4 f6 33. Be2 Rd4 34. Rf5 b6 35. Kf1 Ra4 36. Ke1 Ra1+ 37. Kd2 Ra2+ 38. Kd3 Ra3+ 39. Ke4 Ra2 40. Kf3 Ra3+ 41. Kg4 Ra2 42. Bf3 Bxf2 43. Rd5 Ra4+ 44. Kf5 Rd4 1/2-1/2

[Event "Titled Tuesday intern op 11th Feb Early"]
[Site "Chess.com INT"]
[Date "2025.02.11"]
[Round "1"]
[White "Dau, Khuong Duy"]
[Black "Herrera, Juan Sebastian"]
[Result "1-0"]
[WhiteElo "2411"]
[BlackElo "2230"]
[PlyCount "59"]
[EventDate "2025.02.11"]
[EventType "swiss (blitz)"]
[EventRounds "11"]
[EventCountry "USA"]
[SourceTitle "CB08_2025"]
[SourceDate "2025.02.19"]
[SourceVersion "1"]
[SourceVersionDate "2025.02.19"]
[SourceQuality "1"]

1. e4 e5 2. Nf3 Nc6 3. Bb5 a6 4. Ba4 f5 5. Bxc6 dxc6 6. Qe2 Bd6 7. d3 Nf6 8. h3 0-0 9. Nbd2 b5 10. b3 fxe4 11. dxe4 Qe7 12. Bb2 Nh5 13. g3 Nf6 14. g4 Bd7 15. Nh4 Rad8 16. 0-0-0 Be6 17. Nf5 Qf7 18. Nf3 Bxf5 19. exf5 Rfe8 20. Ng5 Qd7 21. Ne6 Rxe6 22. fxe6 Qe7 23. Kb1 Qxe6 24. Rhe1 Re8 25. f4 e4 26. f5 Qf7 27. g5 Nd5 28. Qg4 Be5 29. g6 Qf6 30. Rxe4 1-0

[Event "Titled Tuesday intern op 11th Feb Early"]
[Site "Chess.com INT"]
[Date "2025.02.11"]
[Round "4"]
[White "Weetik, Vjacheslav"]
[Black "Dau, Khuong Duy"]
[Result "1-0"]
[WhiteElo "2423"]
[BlackElo "2411"]
[PlyCount "91"]
[EventDate "2025.02.11"]
[EventType "swiss (blitz)"]
[EventRounds "11"]
[EventCountry "USA"]
[SourceTitle "CB09_2025"]
[SourceDate "2025.02.27"]
[SourceVersion "1"]
[SourceVersionDate "2025.02.27"]
[SourceQuality "1"]

1. e4 c5 2. Nf3 d6 3. Bb5+ Nd7 4. d4 cxd4 5. Qxd4 a6 6. Bxd7+ Bxd7 7. c4 Nf6 8. Nc3 Rc8 9. Bg5 e6 10. 0-0 h6 11. Bxf6 Qxf6 12. e5 dxe5 13. Nxe5 Rc7 14. Ne4 Qe7 15. c5 Qd8 16. Rad1 Be7 17. Nd6+ Bxd6 18. Qxd6 Qc8 19. Rfe1 Bc6 20. Rd4 Re7 21. Red1 Bd5 22. b4 Qc7 23. Nc4 0-0 24. a3 Qxd6 25. Nxd6 Ra8 26. Nf5 Rc7 27. Ne3 Bc6 28. Nc4 Re8 29. Nb6 f6 30. Rd6 e5 31. f3 e4 32. Rd8 exf3 33. Rxe8+ Bxe8 34. gxf3 Bc6 35. Kf2 Re7 36. Rd8+ Kh7 37. Rb8 Re5 38. Nc4 Rf5 39. Nd2 Rd5 40. Nc4 Rd3 41. Na5 Bxf3 42. Nxb7 Rxa3 43. Nd8 Rc3 44. Rb6 Be4 45. Rxa6 f5 46. Ne6 1-0

[Event "Titled Tuesday intern op 04th Feb Early"]
[Site "Chess.com INT"]
[Date "2025.02.04"]
[Round "2"]
[White "Dau, Khuong Duy"]
[Black "Papp, Levente"]
[Result "1-0"]
[WhiteElo "2411"]
[BlackElo "2387"]
[PlyCount "111"]
[EventDate "2025.02.04"]
[EventType "swiss (blitz)"]
[EventRounds "11"]
[EventCountry "USA"]
[SourceTitle "CB07_2025"]
[SourceDate "2025.02.12"]
[SourceVersion "1"]
[SourceVersionDate "2025.02.12"]
[SourceQuality "1"]

1. e4 e6 2. Qe2 c5 3. Nf3 Nc6 4. g3 g6 5. Bg2 Bg7 6. 0-0 Nge7 7. c3 e5 8. a3 a6 9. b4 d6 10. h3 0-0 11. d3 h6 12. Be3 b6 13. Nbd2 Rb8 14. Rab1 f5 15. bxc5 dxc5 16. Nc4 f4 17. gxf4 exf4 18. Bd2 b5 19. Nb2 g5 20. Nh2 f3 21. Nxf3 Ng6 22. Nd1 g4 23. hxg4 Bxg4 24. Qe3 Bxf3 25. Bxf3 Nf4 26. Bg4 Qg5 27. Qg3 Ne5 28. Be6+ Kh8 29. Bxf4 Rxf4 30. Qxg5 hxg5 31. Kg2 Bf6 32. Rh1+ Kg7 33. Ne3 Ng6 34. Nf5+ Kf8 35. Rh7 Nh4+ 36. Nxh4 gxh4 37. Rh1 Rb6 38. Bd5 Ke8 39. Rh3 Bxc3 40. R3xh4 Rxh4 41. Rxh4 b4 42. axb4 cxb4 43. Bb3 Rd6 44. Rh3 a5 45. f4 Bd2 46. Rf3 Rc6 47. Ba4 Kd7 48. d4 Kc7 49. Bxc6 Kxc6 50. f5 a4 51. f6 a3 52. f7 Bh6 53. Rf6+ Kb5 54. Rxh6 a2 55. f8Q a1Q 56. Qc5+ 1-0

[Event "Titled Tuesday intern op 04th Feb Early"]
[Site "Chess.com INT"]
[Date "2025.02.04"]
[Round "1"]
[White "Jovic, Stanoje"]
[Black "Dau, Khuong Duy"]
[Result "0-1"]
[WhiteElo "2096"]
[BlackElo "2411"]
[PlyCount "84"]
[EventDate "2025.02.04"]
[EventType "swiss (blitz)"]
[EventRounds "11"]
[EventCountry "USA"]
[SourceTitle "CB07_2025"]
[SourceDate "2025.02.12"]
[SourceVersion "1"]
[SourceVersionDate "2025.02.12"]
[SourceQuality "1"]

1. c4 Nf6 2. g3 g6 3. Bg2 Bg7 4. Nc3 0-0 5. Nf3 d6 6. 0-0 c6 7. d3 a6 8. Rb1 b5 9. b4 Nfd7 10. Bd2 Nb6 11. c5 dxc5 12. bxc5 Nd5 13. Nxd5 Qxd5 14. Qc2 Nd7 15. Rfc1 Bb7 16. e4 Qh5 17. d4 Rad8 18. h3 Nf6 19. g4 Nxg4 20. hxg4 Qxg4 21. e5 Bc8 22. Rb3 Bf5 23. Qd1 Be4 24. Qe1 Rxd4 25. Ba5 Bd5 26. Re3 Bh6 27. Qe2 Bxe3 28. fxe3 Ra4 29. Be1 Rxa2 30. Qf1 Rxg2+ 31. Qxg2 Qxf3 32. Qxf3 Bxf3 33. Bh4 f6 34. exf6 exf6 35. Kf2 Bd5 36. Ra1 g5 37. Bg3 Ra8 38. Bc7 h5 39. Ba5 h4 40. Re1 Re8 41. Bc3 Kf7 42. Ra1 h3 0-1

[Event "Titled Tuesday intern op 04th Feb Early"]
[Site "Chess.com INT"]
[Date "2025.02.04"]
[Round "3"]
[White "Munoz, Francisco Javier"]
[Black "Dau, Khuong Duy"]
[Result "0-1"]
[WhiteElo "2389"]
[BlackElo "2411"]
[PlyCount "102"]
[EventDate "2025.02.04"]
[EventType "swiss (blitz)"]
[EventRounds "11"]
[EventCountry "USA"]
[SourceTitle "CB07_2025"]
[SourceDate "2025.02.12"]
[SourceVersion "1"]
[SourceVersionDate "2025.02.12"]
[SourceQuality "1"]

1. e4 c5 2. Nc3 a6 3. d4 cxd4 4. Qxd4 Nc6 5. Qe3 g6 6. b3 Bg7 7. Bb2 Nf6 8. 0-0-0 0-0 9. Kb1 d6 10. f3 Be6 11. g4 Rc8 12. h4 h5 13. g5 Nd7 14. Nge2 Qa5 15. a3 b5 16. Nf4 b4 17. Nxe6 fxe6 18. axb4 Nxb4 19. Bc4 Rxc4 20. bxc4 Ne5 21. Qe2 Rb8 22. f4 Ng4 23. e5 dxe5 24. Rh3 Nc6 25. Na2 Nd4 26. Rxd4 exd4 27. Qxe6+ Kh7 28. Rb3 Rxb3 29. cxb3 Qd2 30. Nc1 Ne3 31. Qxe7 Qc2+ 32. Ka1 Nd1 33. Qe2 Qxe2 34. Nxe2 d3 35. Nd4 Nxb2 36. Nf3 Nxc4+ 37. Kb1 Ne3 38. Kc1 Nd5 39. f5 gxf5 40. Kd2 Nb4 41. Ke3 Bc3 42. Kf4 d2 43. Nxd2 Bxd2+ 44. Kxf5 Be1 45. g6+ Kh6 46. Kf6 Bc3+ 47. Kf7 Nd3 48. Ke6 Nc5+ 49. Kd5 Nxb3 50. Kc4 Bf6 51. Kxb3 Bxh4 0-1

[Event "Hanoi GM1"]
[Site "Hanoi"]
[Date "2025.01.08"]
[Round "8"]
[White "Dau, Khuong Duy"]
[Black "Kojima, Shinya"]
[Result "1/2-1/2"]
[WhiteElo "2410"]
[BlackElo "2316"]
[PlyCount "77"]
[EventDate "2025.01.03"]
[EventType "tourn"]
[EventRounds "9"]
[EventCountry "VIE"]
[EventCategory "6"]
[SourceTitle "CB04_2025"]
[SourceDate "2025.01.22"]
[SourceVersion "1"]
[SourceVersionDate "2025.01.22"]
[SourceQuality "1"]

1. e4 c6 2. d4 d5 3. e5 Bf5 4. g4 Bd7 5. Nc3 c5 6. dxc5 e6 7. Be3 Qc7 8. Qd2 Bxc5 9. Bxc5 Qxc5 10. f4 Ne7 11. Nf3 h5 12. Rg1 hxg4 13. Rxg4 g6 14. Bd3 Nbc6 15. 0-0-0 0-0-0 16. Kb1 Kb8 17. a3 a6 18. Rg2 Nc8 19. h4 Nb6 20. Qf2 Qxf2 21. Rxf2 Nc8 22. Rh2 N8e7 23. Ne2 Rdf8 24. Rg1 Rh6 25. Kc1 Kc7 26. Kd2 Na7 27. Ned4 Bb5 28. Bxb5 Nxb5 29. Nxb5+ axb5 30. Nd4 Kb6 31. Rh3 Nc6 32. Nf3 Ne7 33. Rgh1 Rh5 34. Ng5 Nf5 35. Rb3 Nd4 36. Rd3 Nf5 37. Rb3 Nd4 38. Rd3 Nf5 39. Rb3 1/2-1/2

[Event "Wch U14 blitz"]
[Site "Terme Catez"]
[Date "2024.12.16"]
[Round "6"]
[White "Dau, Khuong Duy"]
[Black "Bouska, Jiri"]
[Result "1-0"]
[WhiteElo "2363"]
[BlackElo "2055"]
[PlyCount "80"]
[EventDate "2024.12.16"]
[EventType "swiss (blitz)"]
[EventRounds "22"]
[EventCountry "SLO"]
[SourceTitle "CB51_2024"]
[SourceDate "2024.12.18"]
[SourceVersion "1"]
[SourceVersionDate "2024.12.18"]
[SourceQuality "1"]

1. e4 c5 2. Nc3 Nc6 3. Bb5 Nd4 4. Nf3 a6 5. Bd3 e6 6. Nxd4 cxd4 7. Ne2 d5 8. c3 dxe4 9. Bxe4 Nf6 10. Bd3 dxc3 11. dxc3 Be7 12. Qc2 0-0 13. Bg5 h6 14. Bh4 b5 15. 0-0-0 Qb6 16. g4 Bb7 17. Rhg1 Nd5 18. g5 hxg5 19. Bxg5 Qxf2 20. Bxe7 Nxe7 21. Rg3 g6 22. Qd2 Nf5 23. Bxf5 Qxf5 24. Nd4 Qf6 25. Rdg1 e5 26. Ne2 Rad8 27. Qh6 Rd6 28. h4 Be4 29. h5 Rfd8 30. hxg6 fxg6 31. Rh3 Qg7 32. Qg5 Bf5 33. Rf3 Qd7 34. Rff1 Kf7 35. Ng3 Rd2 36. Nxf5 gxf5 37. Rxf5+ Ke6 38. Qf6+ Kd5 39. Rxe5+ Kc4 40. Qf4+ Qd4 1-0

[Event "Wch U14 blitz"]
[Site "Terme Catez"]
[Date "2024.12.16"]
[Round "14"]
[White "Dau, Khuong Duy"]
[Black "Dinh, Nho Kiet"]
[Result "1-0"]
[WhiteElo "2363"]
[BlackElo "2203"]
[PlyCount "121"]
[EventDate "2024.12.16"]
[EventType "swiss (blitz)"]
[EventRounds "22"]
[EventCountry "SLO"]
[SourceTitle "CB51_2024"]
[SourceDate "2024.12.18"]
[SourceVersion "1"]
[SourceVersionDate "2024.12.18"]
[SourceQuality "1"]

1. e4 c6 2. Nf3 d5 3. Nc3 Bg4 4. h3 Bxf3 5. Qxf3 Nf6 6. g3 dxe4 7. Nxe4 Nxe4 8. Qxe4 Qd5 9. Qxd5 cxd5 10. d4 Nc6 11. c3 e6 12. Bg2 Bd6 13. a4 Na5 14. Ke2 Nb3 15. Ra2 Ke7 16. Kd3 Nxc1+ 17. Rxc1 Rac8 18. a5 Rc7 19. Re1 Kd7 20. b3 Rhc8 21. Rc1 Kd8 22. c4 dxc4+ 23. bxc4 e5 24. dxe5 Bxe5 25. Bd5 Bd6 26. Re1 Rd7 27. a6 bxa6 28. Rxa6 Bc5 29. Re2 Re7 30. f4 Rcc7 31. f5 Rxe2 32. Kxe2 Ke7 33. g4 h6 34. Kf3 Bb6 35. h4 Kd6 36. g5 hxg5 37. hxg5 f6 38. g6 Re7 39. Ra2 Re3+ 40. Kg4 a5 41. Be6 Re4+ 42. Kf3 Re3+ 43. Kg2 Rd3 44. Kf1 Ke5 45. c5 Bxc5 46. Rxa5 Kd4 47. Kg2 Rd2+ 48. Kf3 Rh2 49. Ra8 Ke5 50. Rg8 Rh3+ 51. Kg4 Rh1 52. Rxg7 Bf8 53. Rf7 Bh6 54. Rh7 Rg1+ 55. Kf3 Bf8 56. Rh8 Bg7 57. Rh7 Bf8 58. Rh4 Rg5 59. Re4+ Kd6 60. Rd4+ Ke5 61. Rd5# 1-0